000 00340nam a22001457a 4500
008 260310b |||||||| |||| 00| 0 eng d
020 _a9788197055942
040 _a03
082 _a616.87 SHA
100 _aSHARMA NAVEEN
245 _aCOMMUNITY HEALTH NURSING
260 _aMEERUT
_bWOLTER KLUWER
_c7/3/26
300 _a400
942 _c01
999 _c67143
_d67143